Contrepèterie - Statistiques

Statistiques générales
  • Ce quiz a été pris 419 fois
  • Le résultat moyen est 5 sur 10
Statistiques - réponses
Indice Réponse % Correct
Elle est folle de la messe Elle est molle de la fesse.
96%
Il court, il court, le furet Il fourre il fourre le curé.
70%
Nadal a un tennis prévisible Nadal a un pénis très visible.
68%
Votre courge est bien trop verte ! Votre verge est bien trop courte !
67%
Et si on pêchait des lottes ? Et si on léchait des potes ?
65%
Ça pue dans le car ! Ça part dans le cul !
45%
Salut Fred Phallus raide.
44%
Mammouth écrase les prix ! Mamie écrase les prouts !
40%
Quel beau métier, professeur Quel beau fessier prometteur.
33%
Hachis parmentier Ami partant chier.
8%
Aucun quiz correspondant
Distribution des résultats
% des personnes avec chaque résultat
Percentile par nombre de réponses
Votre historique - résultats
Vous n’avez pas pris ce quiz